|
|
|
|
| LEADER |
02937nam a22005535i 4500 |
| 001 |
978-1-4020-6244-5 |
| 003 |
DE-He213 |
| 005 |
20151204150450.0 |
| 007 |
cr nn 008mamaa |
| 008 |
100301s2007 ne | s |||| 0|eng d |
| 020 |
|
|
|a 9781402062445
|9 978-1-4020-6244-5
|
| 024 |
7 |
|
|a 10.1007/978-1-4020-6244-5
|2 doi
|
| 040 |
|
|
|d GrThAP
|
| 050 |
|
4 |
|a P129-138.7222
|
| 072 |
|
7 |
|a CB
|2 bicssc
|
| 072 |
|
7 |
|a LAN009000
|2 bisacsh
|
| 082 |
0 |
4 |
|a 410
|2 23
|
| 245 |
1 |
0 |
|a Argumentative Indicators in Discourse
|h [electronic resource] :
|b A Pragma-Dialectical Study /
|c edited by Frans H. van Eemeren, Peter Houtlosser, A. Francisca Snoeck Henkemans.
|
| 264 |
|
1 |
|a Dordrecht :
|b Springer Netherlands,
|c 2007.
|
| 300 |
|
|
|a X, 234 p.
|b online resource.
|
| 336 |
|
|
|a text
|b txt
|2 rdacontent
|
| 337 |
|
|
|a computer
|b c
|2 rdamedia
|
| 338 |
|
|
|a online resource
|b cr
|2 rdacarrier
|
| 347 |
|
|
|a text file
|b PDF
|2 rda
|
| 490 |
1 |
|
|a Argumentation Library,
|x 1566-7650 ;
|v 12
|
| 505 |
0 |
|
|a The Identification of Argumentative Indicators -- The Ideal Model of a Critical Discussion as a Theoretical Framework -- Indicators of Confrontation -- Indicators of the Distribution of the Burden of Proof -- Indicators of Starting Points for the Discussion -- Indicators of Argument Schemes -- Indicators of the Argumentation Structure -- Indicators of the Conclusion of a Discussion.
|
| 520 |
|
|
|a Argumentative Indicators: A Pragma-Dialectical Study identifies and analyses English words and expressions that are crucial for an adequate reconstruction of argumentative discourse. It provides the analyst of argumentative discussions and texts with a systematic set of instruments for giving a well-founded analysis which results in an analytic overview of the elements that are relevant for the evaluation of the argumentation. In the book a systematic connection is made between linguistic insights into the characteristics of argumentative discourse and insights from argumentation theory into the resolution of differences of opinion by means of argumentation.
|
| 650 |
|
0 |
|a Linguistics.
|
| 650 |
|
0 |
|a Philosophy.
|
| 650 |
|
0 |
|a Logic.
|
| 650 |
|
0 |
|a Language and languages
|x Philosophy.
|
| 650 |
|
0 |
|a Applied linguistics.
|
| 650 |
|
0 |
|a Language and education.
|
| 650 |
1 |
4 |
|a Linguistics.
|
| 650 |
2 |
4 |
|a Applied Linguistics.
|
| 650 |
2 |
4 |
|a Language Education.
|
| 650 |
2 |
4 |
|a Philosophy of Language.
|
| 650 |
2 |
4 |
|a Philosophy, general.
|
| 650 |
2 |
4 |
|a Logic.
|
| 700 |
1 |
|
|a Eemeren, Frans H. van.
|e editor.
|
| 700 |
1 |
|
|a Houtlosser, Peter.
|e editor.
|
| 700 |
1 |
|
|a Henkemans, A. Francisca Snoeck.
|e editor.
|
| 710 |
2 |
|
|a SpringerLink (Online service)
|
| 773 |
0 |
|
|t Springer eBooks
|
| 776 |
0 |
8 |
|i Printed edition:
|z 9781402062438
|
| 830 |
|
0 |
|a Argumentation Library,
|x 1566-7650 ;
|v 12
|
| 856 |
4 |
0 |
|u http://dx.doi.org/10.1007/978-1-4020-6244-5
|z Full Text via HEAL-Link
|
| 912 |
|
|
|a ZDB-2-SHU
|
| 950 |
|
|
|a Humanities, Social Sciences and Law (Springer-11648)
|